Prisons (Record no. 209648)

MARC details
000 -LEADER
fixed length control field 00546nam a22001817a 4500
005 - DATE AND TIME OF LATEST TRANSACTION
control field 20250224114212.0
010 ## - LCCN (DPL NO)
LC control number ENG-143862
020 ## - INTERNATIONAL STANDARD BOOK NUMBER
Terms of availability 395.00
International Standard Book Number 9789385500275
035 ## - SYSTEM CONTROL NUMBER
System control number EN-127394
037 ## - SOURCE OF ACQUISITION
Source of stock number/acquisition DBAD
082 ## - DEWEY DECIMAL CLASSIFICATION NUMBER
Classification number 365.641
100 ## - MAIN ENTRY--PERSONAL NAME
Personal name Sachdev, Parneet
245 ## - TITLE STATEMENT
Title Prisons
Statement of responsibility, etc Parneet Sachdev
Remainder of title The Six Secrets of LIfe
260 ## - PUBLICATION, DISTRIBUTION, ETC. (IMPRINT)
Place of publication, distribution, etc Punjab
Name of publisher, distributor, etc Ferntree Publishing
Date of publication, distribution, etc 2020
270 ## - ADDRESS
City Punjab
Address 988, Sector 82 JLPL Ind. Park, SAS Nagar(Mohali)
300 ## - PHYSICAL DESCRIPTION
Extent 133pp.
Dimensions 22cm(pbk)
942 ## - ADDED ENTRY ELEMENTS (KOHA)
Source of classification or shelving scheme Dewey Decimal Classification
Item type English Books
Classification part 365.641
Call number suffix SAC
Holdings
Withdrawn status Lost status Not for loan Collection code Home library Current library Date acquired Source of acquisition Cost, normal purchase price Full call number Barcode Cost, replacement price Koha item type
      Non-fiction Central Library Central Library 24/02/2025 DBAD 395.00 365.641 SAC EN-127394 395.00 English Books

© Delhi Public Library
Hit Counter
free hit counter